| 000 | 00613nam a2200253Ia 4500 | ||
|---|---|---|---|
| 005 | 20250425161934.0 | ||
| 008 | 250425s9999 xx 000 0 und d | ||
| 020 | _a9681819276 | ||
| 041 | _aspa | ||
| 082 | _a629.2 | ||
| 100 | _aREMLING, JOHN | ||
| 245 | 0 | _aMECANICA AUTOMOTRIZ BASICA | |
| 250 | _a1A ED. | ||
| 260 | _aMEXICO | ||
| 260 |
_aMéxico _bLIMUSA _c1991 |
||
| 300 | _a130 | ||
| 650 | _aINDUSTRIA AUTOMOTRIZ | ||
| 650 | _aPIEZAS DE VEHICULOS | ||
| 650 | _aSERVICIO AUTOMOTRIZ | ||
| 650 | _aTECNOLOGIA AUTOMOVILISTICA | ||
| 650 | _aVEHICULOS DE MOTOR | ||
| 942 | _c01 | ||
| 010 | _a35818 | ||
| 999 |
_c219254 _d219254 |
||